The transformation of employment relations in Europe (Record no. 12893)

MARC details
000 -LEADER
fixed length control field 02637cam a2200349Ia 4500
001 - CONTROL NUMBER
control field 9780203743850
003 - CONTROL NUMBER IDENTIFIER
control field BD-DhSAU
005 - DATE AND TIME OF LATEST TRANSACTION
control field 20151012151722.0
006 - FIXED-LENGTH DATA ELEMENTS--ADDITIONAL MATERIAL CHARACTERISTICS
fixed length control field m|||||o||d||||||||
007 - PHYSICAL DESCRIPTION FIXED FIELD--GENERAL INFORMATION
fixed length control field cr||||
008 - FIXED-LENGTH DATA ELEMENTS--GENERAL INFORMATION
fixed length control field 131029s2013 nyuad ob 001 0 eng d
020 ## - INTERNATIONAL STANDARD BOOK NUMBER
International Standard Book Number 9780203743850 (e-book : PDF)
040 ## - CATALOGING SOURCE
Original cataloging agency BD-DhSAU
Transcribing agency BD-DhSAU
043 ## - GEOGRAPHIC AREA CODE
Geographic area code e------
090 ## - LOCALLY ASSIGNED LC-TYPE CALL NUMBER (OCLC); LOCAL CALL NUMBER (OCLC)
Classification number (OCLC) (R) ; Classification number, CALL (RLIN) (NR) HD8376.5
Local cutter number (OCLC) ; Book number/undivided call number, CALL (RLIN) .T72 2013
092 ## - LOCALLY ASSIGNED DEWEY CALL NUMBER (OCLC)
Classification number 331.094
Item number T772
245 04 - TITLE STATEMENT
Title The transformation of employment relations in Europe
Medium [electronic resource] :
Remainder of title institutions and outcomes in the age of globalization /
Statement of responsibility, etc. edited by James Arrowsmith and Valeria Pulignano.
260 ## - PUBLICATION, DISTRIBUTION, ETC. (IMPRINT)
Place of publication, distribution, etc. New York :
Name of publisher, distributor, etc. Routledge, Taylor & Francis Group,
Date of publication, distribution, etc. 2013.
300 ## - PHYSICAL DESCRIPTION
Extent xvi, 231 p. :
Other physical details ill.
490 1# - SERIES STATEMENT
Series statement Routledge research in employment relations ;
Volume/sequential designation 31
504 ## - BIBLIOGRAPHY, ETC. NOTE
Bibliography, etc Includes bibliographical references and index.
505 0# - FORMATTED CONTENTS NOTE
Formatted contents note 1. Introduction / James Arrowsmith and Valeria Pulignano -- 2. Private sector employment relations in Western Europe : collective bargaining under pressure? / Keith Sisson -- 3. Worker voice under pressure : collective workplace representation and the challenge of multiplying spaces and actors / Miguel Martâinez Lucio and Maria Gonzâalez Menâendez -- 4. Employment relations in the public services : between hierarchy and contract / Giuseppe Della Rocca -- 5. Emerging systems of employment relations in Central Eastern European countries / Guglielmo Meardi -- 6. Wage regulation in the private sector : moving further away from a 'solidaristic wage policy'? / Maarten Keune and Kurt Vandaele -- 7. Working time in Europe / James Arrowsmith -- 8. Transformations in work organization and labor regulation / Ludger Pries -- 9. Governing complexity, diversity and uncertainty in the changing European space / Valeria Pulignano -- 10. Employability / Jonathan Winterton and Nigel Haworth -- 11. The 'state of affairs' of flexicurity in industrial relations : assessing country performance using transition indicators / Ton Wilthagen, Ruud Muffels and Heejung Chung -- 12. Conclusions : the transformation of employment relations within the European Union : a common process of fragmentation / Valeria Pulignano and James Arrowsmith.
530 ## - ADDITIONAL PHYSICAL FORM AVAILABLE NOTE
Additional physical form available note Also available in print edition.
538 ## - SYSTEM DETAILS NOTE
System details note Mode of access: World Wide Web.
650 #0 - SUBJECT ADDED ENTRY--TOPICAL TERM
Topical term or geographic name as entry element Industrial relations
Geographic subdivision Europe.
655 #7 - INDEX TERM--GENRE/FORM
Genre/form data or focus term Electronic books.
Source of term lcsh
700 1# - ADDED ENTRY--PERSONAL NAME
Personal name Arrowsmith, James,
Dates associated with a name 1968-
700 1# - ADDED ENTRY--PERSONAL NAME
Personal name Pulignano, Valeria,
Dates associated with a name 1968-
776 1# - ADDITIONAL PHYSICAL FORM ENTRY
International Standard Book Number 9780415875936
830 #0 - SERIES ADDED ENTRY--UNIFORM TITLE
Uniform title Routledge research in employment relations ;
Volume number/sequential designation 31.
856 40 - ELECTRONIC LOCATION AND ACCESS
Uniform Resource Identifier <a href="http://www.tandfebooks.com/isbn/9780203743850">http://www.tandfebooks.com/isbn/9780203743850</a>

No items available.